All Manchester United Managers Ever - Statistics

General Stats
  • This quiz has been taken 1,058 times
    74 since last reset
  • The average score is 12 of 28
Answer Stats
Years Manager % Correct
1986-2013 Alex Ferguson
99%
2016-2018 José Mourinho
99%
2026— Michael Carrick
97%
2024-2026 Ruben Amorim
97%
2022-2024 Erik ten Hag
96%
2018-2021 Ole Gunnar Solskjær
91%
2014-2016 Louis van Gaal
90%
2013-2014 David Moyes
81%
2021-2022 Ralf Rangnick
67%
1945-1969 Matt Busby
65%
1970-1971 Matt Busby
65%
1981-1986 Ron Atkinson
41%
1977-1981 Dave Sexton
25%
1972-1977 Tommy Docherty
23%
1971-1972 Frank O'Farrell
17%
1914-1921 Jack Robson
17%
1969-1970 Wilf McGuinness
16%
1903-1912 Ernest Mangnall
14%
1921-1926 John Chapman
10%
1931-1932 Walter Crickmer
10%
1937-1945 Walter Crickmer
10%
1892-1900 A H Albut
9%
1927-1931 Herbert Bamlett
9%
1900-1903 James West
9%
1912-1914 John Bentley
9%
1926-1927 Lal Hilditch
9%
1932-1937 Scott Duncan
9%
1912 T J Wallworth
7%
No matching quizzes found
Score Distribution
Percent of People with Each Score
Percentile by Number Answered
Your Score History
You have not taken this quiz since the last reset